00484nam a2200181 a 4500001001300000003000900013005001700022008004100039020001000080082001800090100001800108245006500126260002700191300000900218500003500227650002000262650002000282nice12345678IN_TiNIC20260116013856.0070404s2000 dela grp 000 0 eng  ac54500a306.0954bAHM aAhmad, Imtiaz aPluralism and Equality Values in Indian Society and Politics aDelhibSage Pub c2000 a378p aincludes index and biblioraphy aPluralism-India aSociology-India